02390cam a22005054i 4500003000900000005001700009008004100026035001700067040003300084049000900117082001700126245010300143264005400246300002700300336002100327337002500348338002300373490004900396504002400445505063200469526001001101526001001111526001001121526001001131526000801141526000801149526000801157526000801165526000801173526000801181526000801189650002201197700003001219700003301249700003101282700003001313910001801343942001401361949013201375994001401507596000601521999015001527980005501677952015201732PE-LiUPU20250731173438.0150616s r 000 0 d a(Sirsi) a561 aPE-LiUPUbspacPE-LiUPUerda aPRUA04a289bG8122100aLes religions étrusque et romeine: les religions des celtes, des germains et des anciens slaves. 1aParis :bPresses Universitaires de France,c1948. a462 páginas ;c18 cm atext2rdacontent aunmediated2rdamedia avolume2rdacarrier0 aIntroduction a L'histoire des religions ;v2 aNota Bibliografica.0 aLa religion des étrusques et leur civilisation -- La révélation étrusque -- Les dieux de l'Étrurie -- Le monde infernal -- La vie religieuse -- La plus ancienne religion -- Le calendrier et les cultes anciens -- Les dieux nouveaux de la république -- Le culte, ses ministres et ses rites -- La restauration religieuse d'Auguste -- Les derniéres transformations -- Les dieux -- Le ciergé et le culte -- Période préhistorique -- Croyances et cultes dans la germanie ancienne -- Croyances et cultes dans la scandinavie ancienne -- Dieux russes -- Dieux des slaves de i'ouest -- Culte des morts et des ancetres. aSEG42 aSEG41 aSEG40 aSEG39 aP94 aP87 aP86 aP85 aP77 aP76 aP3504aReligión.951281 aGrenier, Albert,eeditor.1 aVendryés, Joseph,eeditor.1 aTonnelat, Ernest,eeditor.1 aUnbegaun, B.-O.,eeditor. ajckbjvqcjck 2ddccBOOK a289 G81wDEWEYc1i12925lCCODEBUL1mBULp00.00r0sYtBOOKu2015-04-23xTEOLOGIAzUNKNOWN0COMPRAo.STAFF. Colección General aC0bPEPRU a1 a289 G81wDEWEYc56657i12925f2021-11-12g5lCCODEBUL1mBULr0sYtBOOKu2015-4-23xTEOLOGIAzUNKNOWN0COMPRAo.STAFF. Colección Generald56657 81gALBERTO SANCHEZ Responsable de Automatización r2025-12-02 00:00:00i6l0o289 G81p12925te1w2015-04-23xPGyBKzinventario-2023-12-13102ddc50708GENfP94aBULbBULcGENd2015-04-23eCOMPRA